<?xml version="1.0" encoding="UTF-8"?><marc:collection xmlns:marc="http://www.loc.gov/MARC21/slim">
  <marc:record>
    <marc:leader>00000nam  2200000za 4500</marc:leader>
    <marc:controlfield tag="001">9.832075</marc:controlfield>
    <marc:controlfield tag="003">CaOODSP</marc:controlfield>
    <marc:controlfield tag="005">20221107145911</marc:controlfield>
    <marc:controlfield tag="007">cr |||||||||||</marc:controlfield>
    <marc:controlfield tag="008">170209s1918    onc    #os   f000 0 fre d</marc:controlfield>
    <marc:datafield tag="040" ind1=" " ind2=" ">
      <marc:subfield code="a">CaOODSP</marc:subfield>
      <marc:subfield code="b">fre</marc:subfield>
    </marc:datafield>
    <marc:datafield tag="041" ind1=" " ind2=" ">
      <marc:subfield code="a">fre</marc:subfield>
      <marc:subfield code="a">eng</marc:subfield>
    </marc:datafield>
    <marc:datafield tag="043" ind1=" " ind2=" ">
      <marc:subfield code="a">n-cnp--</marc:subfield>
    </marc:datafield>
    <marc:datafield tag="045" ind1=" " ind2=" ">
      <marc:subfield code="a">x1x1</marc:subfield>
    </marc:datafield>
    <marc:datafield tag="086" ind1="1" ind2=" ">
      <marc:subfield code="a">CS98-1916F-PDF</marc:subfield>
      <marc:subfield code="z">CS98-1916(F)</marc:subfield>
    </marc:datafield>
    <marc:datafield tag="245" ind1="0" ind2="0">
      <marc:subfield code="a">Population et agriculture </marc:subfield>
      <marc:subfield code="h">[ressource électronique] : </marc:subfield>
      <marc:subfield code="b">Manitoba, Saskatchewan, Alberta, 1916</marc:subfield>
    </marc:datafield>
    <marc:datafield tag="246" ind1="1" ind2=" ">
      <marc:subfield code="i">En tête du titre :  </marc:subfield>
      <marc:subfield code="a">Recensement des provinces des prairies</marc:subfield>
    </marc:datafield>
    <marc:datafield tag="246" ind1="1" ind2="7">
      <marc:subfield code="a">Recensement des provinces des prairies, 1916</marc:subfield>
    </marc:datafield>
    <marc:datafield tag="260" ind1=" " ind2=" ">
      <marc:subfield code="a">Ottawa : </marc:subfield>
      <marc:subfield code="b">[Bureau des recensements et statistiques], </marc:subfield>
      <marc:subfield code="c">1918 </marc:subfield>
      <marc:subfield code="f">(J. de Labroquerie Taché)</marc:subfield>
    </marc:datafield>
    <marc:datafield tag="300" ind1=" " ind2=" ">
      <marc:subfield code="a">lxvi, 356 p. </marc:subfield>
    </marc:datafield>
    <marc:datafield tag="500" ind1=" " ind2=" ">
      <marc:subfield code="a">En majeure partie des tableaux.</marc:subfield>
    </marc:datafield>
    <marc:datafield tag="500" ind1=" " ind2=" ">
      <marc:subfield code="a">Publication du recensement historique numérisée en 2009 [par Statistique Canada].</marc:subfield>
    </marc:datafield>
    <marc:datafield tag="500" ind1=" " ind2=" ">
      <marc:subfield code="a">Publié aussi en anglais sous le titre : Population and agriculture : Manitoba, Saskatchewan, Alberta, 1916.</marc:subfield>
    </marc:datafield>
    <marc:datafield tag="520" ind1="0" ind2=" ">
      <marc:subfield code="a">« Pour recueillir les données concernant la population et l'agriculture, il a été fait usage de trois formules distinctes. La formule n° 1 était identique à celle employée au cours des précédents recensements; elle était entièrement consacrée aux informations relatives à la population, c'est.-à-dire le nom, l'âge, le sexe, l'origine, la religion, le lieu de naissance, l'occupation, l'année de l'immigration, la nationalité, la langue parlée et le degré d'instruction. Elle contenait de plus, une colonne spéciale destinée à relever les noms de toutes personnes domiciliées dans les provinces des prairies s'étant enrôlées sous les drapeaux et qui se trouvaient soit dans les camps de concentration du Canada, soit avec le corps expéditionnaire en Europe. ... La formule n° 2 était destinée à recevoir les informations relatives aux fermes et aux champs, aux récoltes, aux animaux et aux produits des animaux ... La formule n° 3 était consacrée aux animaux domestiques, aux produits laitiers et aux oeufs "ailleurs que dans les fermes". Les réponses aux questionnaires devaient être fournies par la personne ou par les personnes ayant une connaissance personnelle des faits intéressant le recensement. Les rapports furent dépouillés et compilés au Bureau et les résultats en sont présentés dans ce volume sous deux titres principaux: 1ère Partie, Population, et 2ème Partie, Agriculture »--p. xii-xiii.</marc:subfield>
    </marc:datafield>
    <marc:datafield tag="546" ind1=" " ind2=" ">
      <marc:subfield code="a">Texte d'introduction en français. Tableaux en anglais et en français. </marc:subfield>
    </marc:datafield>
    <marc:datafield tag="692" ind1="0" ind2="7">
      <marc:subfield code="2">gccst</marc:subfield>
      <marc:subfield code="a">Recensement</marc:subfield>
    </marc:datafield>
    <marc:datafield tag="692" ind1="0" ind2="7">
      <marc:subfield code="2">gccst</marc:subfield>
      <marc:subfield code="a">Agriculture</marc:subfield>
    </marc:datafield>
    <marc:datafield tag="710" ind1="1" ind2=" ">
      <marc:subfield code="a">Canada.</marc:subfield>
      <marc:subfield code="b">Bureau du recensement et de la statistique.</marc:subfield>
    </marc:datafield>
    <marc:datafield tag="775" ind1="0" ind2="8">
      <marc:subfield code="t">Population and agriculture </marc:subfield>
      <marc:subfield code="w">(CaOODSP)9.832069</marc:subfield>
    </marc:datafield>
    <marc:datafield tag="794" ind1=" " ind2=" ">
      <marc:subfield code="t">Census of Prairie Provinces, 1926 </marc:subfield>
      <marc:subfield code="w">(CaOODSP)9.830423</marc:subfield>
    </marc:datafield>
    <marc:datafield tag="856" ind1="4" ind2="0">
      <marc:subfield code="q">PDF</marc:subfield>
      <marc:subfield code="s">22.85 Mo</marc:subfield>
      <marc:subfield code="u">https://publications.gc.ca/collections/collection_2017/statcan/CS98-1916-fra.pdf</marc:subfield>
    </marc:datafield>
  </marc:record>
</marc:collection>
